|
|
|
|
| LEADER |
00000nam0a2200000 4500 |
| 001 |
56648 |
| 005 |
20231031053640.0 |
| 035 |
|
|
|a (RuTPU)RU\TPU\book\59503
|
| 090 |
|
|
|a 56648
|
| 100 |
|
|
|a 20031003d1998 k y0rusy50 ca
|
| 101 |
0 |
|
|a rus
|
| 102 |
|
|
|a RU
|
| 105 |
|
|
|a a z 001zy
|
| 200 |
1 |
|
|a Физическое моделирование с применением гравитации
|f В. М. Дрюков, Н. И. Илюхина
|
| 205 |
|
|
|a 2-е изд.
|
| 210 |
|
|
|a Тула
|c Гриф и К
|d 1998
|
| 215 |
|
|
|a 47 с.
|c ил.
|
| 320 |
|
|
|a Библиогр.: с. 44-47.
|
| 610 |
1 |
|
|a физика
|
| 610 |
1 |
|
|a физические модели
|
| 610 |
1 |
|
|a электромагнитные излучения
|
| 610 |
1 |
|
|a физические явления
|
| 610 |
1 |
|
|a дуализм
|
| 610 |
1 |
|
|a квант
|
| 610 |
1 |
|
|a переходные процессы
|
| 610 |
1 |
|
|a гравитационная составляющая
|
| 610 |
1 |
|
|a сила Ампера
|
| 610 |
1 |
|
|a происхождение
|
| 610 |
1 |
|
|a самоиндукция
|
| 610 |
1 |
|
|a резонансная газовая модель
|
| 610 |
1 |
|
|a вещество
|
| 610 |
1 |
|
|a агрегатные состояния
|
| 610 |
1 |
|
|a молекулярная энергия
|
| 675 |
|
|
|a 53.07
|v 3
|
| 700 |
|
1 |
|a Дрюков
|b В. М.
|
| 701 |
|
1 |
|a Илюхина
|b Н. И.
|
| 801 |
|
1 |
|a RU
|b 63413507
|c 20031003
|g PSBO
|
| 801 |
|
2 |
|a RU
|b 63413507
|c 20031112
|g PSBO
|
| 942 |
|
|
|c BK
|